000 02956cab a2200313 ab4500
005 20231124115727.0
008 991125c2015 sp tr p o 000 0 spa d
035 _aUPN01000219174
040 _aMX-MxUPN
_bspa
_cMX-MxUPN
_eaacr2
049 _aART-E
100 1 _aMartín Quintana, Juan Carlos
100 1 _ujuancarlos.martin@ulpgc.es
100 1 _aAlemán Falcón, Jesús A.
100 1 _ujesus.aleman@ulpgc.es
100 1 _aMarchena Gómez, Rosa
100 1 _aSantana Hernández, Rafael
245 1 3 _aEl contexto familiar del alumnado en riesgo de abandono escolar temprano según la tipología familiar
_h[recurso electrónico en línea]
520 3 _aLa problemática del Abandono Escolar Temprano (AET) es actualmente una de las mayores preocupaciones para las distintas administraciones educativas españolas. En este artículo pretendemos dar a conocer la percepción que tiene el alumnado en riesgo o no de abandono escolar temprano sobre las competencias personales del padre y de la madre, la supervisión educativa así como de la comunicación con ellos. Asimismo examinaremos qué dimensiones del contexto familiar predicen el riesgo de abandono escolar temprano según la tipología familiar. Esto nos va a permitir poner en marcha en los centros escolares programas de educación parental, basados en evidencias, que promuevan en los padres y las madres las competencias parentales y contribuya a disminuir el riesgo de AET. La muestra se compone de un total de 3574 alumnos/as de Educación Secundaria Obligatoria de las Islas Canarias y de 2229 familias de estos alumnos/as. Para la recogida de datos se han empleado en esta investigación diferentes escalas: competencias parentales, comunicación padres-madres/hijos-hijas y supervisión parental. De los resultados obtenidos acerca de cómo percibe el alumnado las competencias parentales tanto del padre como de la madre, se constata que el alumnado en riesgo de AET, a diferencia del que no lo está, informa que ambos progenitores tienen menos competencias en desarrollo personal y resiliencia y en organización del escenario educativo familiar y competencia educativa. Asimismo, dicho alumnado también señala que tiene una mayor comunicación violenta con ambos padres, así como una menor comunicación abierta con la madre. Por su parte, los padres y las madres de los/las hijos/as que están en riesgo de AET, informan de llevar a cabo una menor supervisión educativa sobre sus hijos/as.
541 _aAcceso gratuito
650 4 _96083
_aDeserción escolar
653 0 _aEstudiantes en riesgo
653 0 _aEducación parental
653 0 _aCompetencias parentales
773 _gVol. 19, no. 3 (2015), p. 246-263
_tProfesorado : revista de currículum y formación del profesorado
_x1989-639X
856 4 _uhttps://revistaseug.ugr.es/index.php/profesorado/article/view/18882
902 _bLeonor Sotres/241123
905 _aArticulo
942 _cART-E
999 _c191274
_d191274